00741nab a2200193uuc4500001000800000005001700008008004100025035001200066040001300078041000800091100004800099245009900147650001600246650002800262650004800290700003800338700003100376773014000407140416420240202121359.0150320e20150605 spa  a1404164 ccomduadb aspa10aCamelo Garzón, Ángela Natalia4auteaut10aEvaluación y seguimiento de planes de ordenamiento territorial en los municipios de Colombia aSeguimiento aModelos de evaluación aPlan de Ordenamiento Territorial - Colombia10aSolarte Pazos, Leonardo4auteaut10aLópez, Oswaldo4auteaut0 tSociedad y Economía : Facultad de Ciencias Sociales y Económicas (Cali)gNo. 28, Ene.-Jun. 2015, 163-180w901302x1657-63570332084